000 00620nam a22002417a 4500
003 UA-OsUOA
001 38065
007 ta
008 20060426b un ||||| |||| 00| 0 ukr d
100 _aМалларме Стефан
090 _a821.133.1
_bМ18
942 _cBK
040 _aUA-OsUOA
_bukr
_cUA-OsUOA
_dUA-OsUOA
245 _aВірші та проза
300 _a240 с.
955 _a3
041 _aukr
080 _a821.133.1
020 _a966-7305-57-0
260 _aК.
_bЮніверс
_c2001
650 7 _a82 Література. Літературознавство
_2UDC
999 _c324229
_d324229